Geologic map of the Caguas quadrangle, Puerto Rico /

Bibliographic Details
Main Author: Rogers, C. L. (Cleaves L.), 1916-
Corporate Authors: Geological Survey (U.S.), Puerto Rico. Department of Natural Resources
Format: Government Document Map
Language:English
Published: Reston, Va. : The Survey, 1979.
Series:Miscellaneous investigations series (Geological Survey (U.S.)) ; map I-1152.
Subjects:

MARC

Tag First Indicator Second Indicator Subfields
LEADER 00000cem a2200000Ia 4500
001 in00002467700
005 20151111041946.0
007 aj canzn
008 800912s1979 vauag a f 0 eng d
034 1 |a a  |b 20000  |d W0660730  |e W0660000  |f N0180730  |g N0180000 
035 |a (OCoLC)ocm06704923 
035 |a (OCoLC)6704923 
040 |a GIS  |c GIS  |d UUM  |d NMT  |d OCL  |d COP  |d OCLCG  |d STF  |d TXA  |d UtOrBLW 
043 |a nwpr--- 
049 |a TXAM 
050 1 4 |a G3701.C5 svar  |b .U45, I-1152 
052 |a 4971 
074 |a 0619-G-08 
086 0 |a I 19.91:I-1152 
100 1 |a Rogers, C. L.  |q (Cleaves L.),  |d 1916- 
245 1 0 |a Geologic map of the Caguas quadrangle, Puerto Rico /  |c by Cleaves L. Rogers ; Department of the Interior, United States Geological Survey ; prepared in cooperation with the Commonwealth of Puerto Rico Department of Natural Resources. 
246 3 0 |a Caguas quadrangle, Puerto Rico 
255 |a Scale 1:20,000  |c (W 66⁰07ʹ30ʺ--W 66⁰00ʹ00ʺ/N 18⁰07ʹ30ʺ--N 18⁰00ʹ00ʺ). 
264 1 |a Reston, Va. :  |b The Survey,  |c 1979. 
300 |a 1 map :  |b color ;  |c 77 x 66 cm., folded in envelope 30 x 24 cm. 
336 |a cartographic image  |b cri  |2 rdacontent 
337 |a unmediated  |b n  |2 rdamedia 
338 |a sheet  |b nb  |2 rdacarrier 
490 1 |a Miscellaneous investigations series ;  |v map I-1152 
500 |a Relief shown by contours and spot heights. 
500 |a Includes 2 col. cross-sections, text, location map, and index to quadrangles. 
504 |a Includes bibliographical references. 
500 |a Cartographic material. 
650 0 |a Geology  |z Puerto Rico  |v Maps. 
710 2 |a Geological Survey (U.S.) 
710 1 |a Puerto Rico.  |b Department of Natural Resources. 
830 0 |a Miscellaneous investigations series (Geological Survey (U.S.)) ;  |v map I-1152. 
994 |a C0  |b TXA 
948 |a cataloged  |b h  |c 2009/07/09  |e rzeske  |f 02:49:46 pm 
999 |a MARS 
999 f f |s 717f0f5b-5401-3985-96fa-58091282805f  |i 32fd4b9e-135d-30d8-bdfd-252cb4df7194  |t 0 
952 f f |p normal  |a Texas A&M University  |b College Station  |c Sterling C. Evans Library  |d Evans: Maps File (2nd floor)  |t 0  |e I 19.91:I-1152  |h Superintendent of Documents classification  |i unmediated -- sheet  |m A14837624882 
998 f f |a I 19.91:I-1152  |t 0  |l Evans: Maps File (2nd floor)